00572nam a2200169Ia 4500003000900000008004100009040001600050080001600066100002000082245015000102260003500252300001400287650004100301650001700342700002300359700002000382IN-BaIIA211028s9999 xx 000 0 eng d cIIA Library a535.33bBOC aBochkova, O. P. 0aSpectroscopic analysis of gas mixtureedcBochkova, O. P. and E. Ya Shreyder; edited by S. E. Frisch  aNew YorkbAcademic Pressc1965 axi, 313p. aAstronomy and Astrophysics Thesaurus aSpectroscopy aFrisch, S. E., ed. aShreyder, E. Ya